Central Library OPAC University of Rajshahi

বঙ্গবন্ধু আমাদের ঐতিহ্য আমাদের ভবিষ্যত / (Record no. 78873)

MARC details
000 -LEADER
fixed length control field 00989nam a2200241 a 4500
001 - CONTROL NUMBER
control field 78873
003 - CONTROL NUMBER IDENTIFIER
rucl marc code BD-RjUL
005 - DATE AND TIME OF LATEST TRANSACTION
control field 20211209083201.0
008 - FIXED-LENGTH DATA ELEMENTS--GENERAL INFORMATION
fixed length control field 211123s20191994bg ||||| |||| 00| 0 ben d
020 ## - INTERNATIONAL STANDARD BOOK NUMBER
International Standard Book Number 9789840423156
Terms of availability : Tk. 250.00
035 ## - SYSTEM CONTROL NUMBER
System control number (BD-RjUL)79100
040 ## - CATALOGING SOURCE
Original cataloging agency BD-RjUL
Language of cataloging eng
Transcribing agency BD-RjUL
041 ## - LANGUAGE CODE
Language code of text/sound track or separate title ben
082 ## - DEWEY DECIMAL CLASSIFICATION NUMBER
Edition number 23
Classification number 954.9205092
Author mark and year HAB 2019
100 ## - MAIN ENTRY--PERSONAL NAME
Personal name হালিম, আবদুল
9 (RLIN) 250436
245 10 - TITLE STATEMENT
Title বঙ্গবন্ধু আমাদের ঐতিহ্য আমাদের ভবিষ্যত /
Statement of responsibility, etc. আবদুল হালিম
250 ## - EDITION STATEMENT
Edition statement ২য় বর্ধিত সং.
260 ## - PUBLICATION, DISTRIBUTION, ETC. (IMPRINT)
Place of publication, distribution, etc. ঢাকা :
Name of publisher, distributor, etc. আগামী প্রকাশনী,
Date of publication, distribution, etc. ১৯৯৪ [মুদ্রণ ২০১৯]
300 ## - PHYSICAL DESCRIPTION
Pagination ৯৫ পৃ.;
Size ২২ সেমি.
600 ## - SUBJECT ADDED ENTRY--PERSONAL NAME
Personal name মুজিবুর রহমান ,
Titles and other words associated with a name শেখ,
Dates associated with a name ১৯২০-১৯৭৫
Personal name Mujibur Rahman,
Titles and other words associated with a name Sheikh,
Dates associated with a name 1920-1975
942 ## - ADDED ENTRY ELEMENTS (KOHA)
Source of classification or shelving scheme Dewey Decimal Classification
Koha item type Books
Holdings
Lost status Source of classification or shelving scheme Damaged status Not for loan Collection code Permanent Location Current Location Shelving location Date acquired Source of acquisition Cost, normal purchase price Total Checkouts Full call number Date last seen Copy number Koha item type
  Dewey Decimal Classification     Non-fiction Central Library, University of Rajshahi Central Library, University of Rajshahi   01/11/2021 Rajshahi Bidasagar 187.50   B 954.9205092 HAB 2019 23/11/2021 C-2 Books
  Dewey Decimal Classification   Not For Loan Non-fiction Central Library, University of Rajshahi Central Library, University of Rajshahi Bangabandhu Corner Section 01/11/2021 Rajshahi Bidasagar 187.50   B 954.9205092 HAB 2019 23/11/2021 C-1 Books